| 000 | 00660nam a22002417a 4500 | ||
|---|---|---|---|
| 003 | UA-OsUOA | ||
| 001 | 40001 | ||
| 007 | ta | ||
| 008 | 20060710b un ||||| |||| 00| 0 ukr d | ||
| 100 | _aНовоселов М.А. | ||
| 090 |
_a23 _bН76 |
||
| 942 | _cBK | ||
| 040 |
_aUA-OsUOA _brus _cUA-OsUOA _dUA-OsUOA |
||
| 245 | _aДогмат и мистика в Православии, Католичестве и Протестантстве | ||
| 300 | _a384 с. | ||
| 955 | _a2 | ||
| 041 | _arus | ||
| 080 | _a23 | ||
| 020 | _a5-94000-050-9 | ||
| 260 |
_aМ. _bЛепта _c2004 |
||
| 650 | 7 |
_a2 Релігія. Теологія. _2UDC |
|
| 999 |
_c326147 _d326147 |
||